| 000 | 00474nam a2200133Ia 4500 | ||
|---|---|---|---|
| 001 | 1732 | ||
| 008 | 241024s9999 xx 000 0 und d | ||
| 082 | _aRD/373.97293/R426g/2000 | ||
| 100 | _aRepública Dominicana. Secretaría de Estado de Educación y Cultura. Dirección de Educación Media | ||
| 245 | 0 | _aGuía de Trabajo. Seguimiento. La supervisión educativa centrada en los procesos | |
| 260 |
_bSanto Domingo _c2000 |
||
| 901 | _a22/9/2011 10:56:14 a.m. | ||
| 999 |
_c8535 _d8535 |
||